00873nam a2200265Ia 4500003000400000005001700004008004100021020001800062040001800080041000800098082002000106100002400126245009700150250003700247260006900284300002900353650002700382650003800409650004000447650004100487700002200528700002000550700001800570700001900588OSt20220211113112.0210716s2016 xx 000 0 und d a9789351342960 cAIMIT LIBRARY aeng a651.7213bLESR aLesikar, Raymond V. aBusiness communication : bconnecting in a digital world /cBy Raymond V. Lesikar...[et al.] a13th ed.bSpecial Indian Edition aNew Delhi :bTata McGraw Hill Education Private Limited ,c2016. axxxvii, 772p. ; c24 cm. aBusiness Communication aFundamentals of Business Writing  aBasic Patterns of Business Messages aOral Forms of Business Communication aFlatley, Marie E. aRentz, Kathryn. aLentz, Paula. aPande, Neerja.